<?xml version="1.0" encoding="UTF-8"?>
<record
    xmlns:xsi="http://www.w3.org/2001/XMLSchema-instance"
    xsi:schemaLocation="http://www.loc.gov/MARC21/slim http://www.loc.gov/standards/marcxml/schema/MARC21slim.xsd"
    xmlns="http://www.loc.gov/MARC21/slim">

  <leader>01441nam a22003014a 4500</leader>
  <controlfield tag="003">OSt</controlfield>
  <controlfield tag="005">20150408114133.0</controlfield>
  <controlfield tag="008">130520s    2013su i   g b   o001 0 ara d</controlfield>
  <datafield tag="020" ind1=" " ind2=" ">
    <subfield code="a">9789960142111</subfield>
  </datafield>
  <datafield tag="040" ind1=" " ind2=" ">
    <subfield code="a">MA-UN-SA</subfield>
    <subfield code="b">ara</subfield>
    <subfield code="c">MA</subfield>
  </datafield>
  <datafield tag="082" ind1=" " ind2=" ">
    <subfield code="2">21</subfield>
    <subfield code="a">338.473621</subfield>
    <subfield code="b">&#x645; &#x633; &#x62A;</subfield>
  </datafield>
  <datafield tag="100" ind1=" " ind2=" ">
    <subfield code="a">&#x645;&#x648;&#x631;&#x64A;&#x633;&#x60C; &#x633;&#x62A;&#x64A;&#x641;&#x646;.</subfield>
    <subfield code="9">31751</subfield>
  </datafield>
  <datafield tag="245" ind1="1" ind2="2">
    <subfield code="a">&#x627;&#x644;&#x62A;&#x62D;&#x644;&#x64A;&#x644; &#x627;&#x644;&#x625;&#x642;&#x62A;&#x635;&#x627;&#x62F;&#x64A; &#x641;&#x64A; &#x627;&#x644;&#x631;&#x639;&#x627;&#x64A;&#x629; &#x627;&#x644;&#x635;&#x62D;&#x64A;&#x629; /</subfield>
    <subfield code="c">&#x62A;&#x623;&#x644;&#x64A;&#x641; &#x633;&#x62A;&#x64A;&#x641;&#x646; &#x645;&#x648;&#x631;&#x64A;&#x633;&#x60C; &#x646;&#x627;&#x646;&#x633;&#x64A; &#x62F;&#x64A;&#x641;&#x644;&#x646;&#x60C; &#x62F;&#x64A;&#x641;&#x62F; &#x628;&#x627;&#x631;&#x643;&#x646; &#x61B; &#x62A;&#x631;&#x62C;&#x645;&#x629; &#x639;&#x628;&#x62F;&#x627;&#x644;&#x645;&#x62D;&#x633;&#x646; &#x628;&#x646; &#x635;&#x627;&#x644;&#x62D; &#x627;&#x644;&#x62D;&#x64A;&#x62F;&#x631; &#x61B; &#x631;&#x627;&#x62C;&#x639; &#x627;&#x644;&#x62A;&#x631;&#x62C;&#x645;&#x629; &#x641;&#x624;&#x627;&#x62F; &#x628;&#x646; &#x639;&#x628;&#x62F;&#x627;&#x644;&#x639;&#x632;&#x64A;&#x632; &#x627;&#x644;&#x645;&#x628;&#x627;&#x631;&#x643;.</subfield>
  </datafield>
  <datafield tag="250" ind1=" " ind2=" ">
    <subfield code="a">&#x637;. 1.</subfield>
  </datafield>
  <datafield tag="260" ind1=" " ind2=" ">
    <subfield code="a">&#x627;&#x644;&#x631;&#x64A;&#x627;&#x636; :</subfield>
    <subfield code="b">&#x645;&#x639;&#x647;&#x62F; &#x627;&#x644;&#x625;&#x62F;&#x627;&#x631;&#x629;&#x60C; &#x645;&#x631;&#x643;&#x632; &#x627;&#x644;&#x628;&#x62D;&#x648;&#x62B;&#x60C;</subfield>
    <subfield code="c">2013&#x60C; 1434</subfield>
  </datafield>
  <datafield tag="300" ind1=" " ind2=" ">
    <subfield code="a">461 &#x635;. :</subfield>
    <subfield code="b">&#x623;&#x634;&#x643;&#x627;&#x644; &#x61B;</subfield>
    <subfield code="c">24 &#x633;&#x645;.</subfield>
  </datafield>
  <datafield tag="504" ind1=" " ind2=" ">
    <subfield code="a">&#x642;&#x627;&#x626;&#x645;&#x629; &#x628;&#x628;&#x644;&#x64A;&#x648;&#x62C;&#x631;&#x627;&#x641;&#x64A;&#x629; : 460-461</subfield>
  </datafield>
  <datafield tag="650" ind1=" " ind2=" ">
    <subfield code="9">9867</subfield>
    <subfield code="a">&#x627;&#x644;&#x627;&#x642;&#x62A;&#x635;&#x627;&#x62F; &#x627;&#x644;&#x62A;&#x62D;&#x644;&#x64A;&#x644;&#x64A; </subfield>
  </datafield>
  <datafield tag="650" ind1=" " ind2=" ">
    <subfield code="a">&#x627;&#x644;&#x631;&#x639;&#x627;&#x64A;&#x629; &#x627;&#x644;&#x635;&#x62D;&#x64A;&#x629;</subfield>
  </datafield>
  <datafield tag="650" ind1=" " ind2=" ">
    <subfield code="a">&#x627;&#x644;&#x631;&#x639;&#x627;&#x64A;&#x629; &#x627;&#x644;&#x635;&#x62D;&#x64A;&#x629;</subfield>
    <subfield code="x">&#x62A;&#x643;&#x627;&#x644;&#x64A;&#x641;.</subfield>
    <subfield code="9">35813</subfield>
  </datafield>
  <datafield tag="650" ind1=" " ind2=" ">
    <subfield code="a">&#x627;&#x644;&#x62A;&#x623;&#x645;&#x64A;&#x646; &#x627;&#x644;&#x635;&#x62D;&#x64A;</subfield>
    <subfield code="9">35814</subfield>
  </datafield>
  <datafield tag="650" ind1=" " ind2=" ">
    <subfield code="a">&#x627;&#x644;&#x631;&#x639;&#x627;&#x64A;&#x629; &#x627;&#x644;&#x635;&#x62D;&#x64A;&#x629;</subfield>
    <subfield code="x">&#x645;&#x648;&#x627;&#x635;&#x641;&#x627;&#x62A; &#x627;&#x644;&#x623;&#x645;&#x627;&#x646;.</subfield>
    <subfield code="9">35815</subfield>
  </datafield>
  <datafield tag="700" ind1=" " ind2=" ">
    <subfield code="a">&#x62F;&#x64A;&#x641;&#x644;&#x646;&#x60C; &#x646;&#x627;&#x646;&#x633;&#x64A;.</subfield>
    <subfield code="9">35816</subfield>
  </datafield>
  <datafield tag="700" ind1=" " ind2=" ">
    <subfield code="a">&#x628;&#x627;&#x631;&#x643;&#x646;&#x60C; &#x62F;&#x64A;&#x641;&#x64A;&#x62F;.</subfield>
    <subfield code="9">35817</subfield>
  </datafield>
  <datafield tag="700" ind1=" " ind2=" ">
    <subfield code="a">&#x627;&#x644;&#x62D;&#x64A;&#x62F;&#x631;&#x60C; &#x639;&#x628;&#x62F;&#x627;&#x644;&#x645;&#x62D;&#x633;&#x646; &#x628;&#x646; &#x635;&#x627;&#x644;&#x62D;&#x60C;</subfield>
    <subfield code="e">&#x645;&#x62A;&#x631;&#x62C;&#x645;.</subfield>
    <subfield code="9">35818</subfield>
  </datafield>
  <datafield tag="700" ind1=" " ind2=" ">
    <subfield code="a">&#x627;&#x644;&#x645;&#x628;&#x627;&#x631;&#x643;&#x60C; &#x641;&#x624;&#x627;&#x62F; &#x628;&#x646; &#x639;&#x628;&#x62F;&#x627;&#x644;&#x639;&#x632;&#x64A;&#x632;&#x60C;</subfield>
    <subfield code="e">&#x645;&#x631;&#x627;&#x62C;&#x639; &#x645;&#x62A;&#x631;&#x62C;&#x645;.</subfield>
    <subfield code="9">35819</subfield>
  </datafield>
  <datafield tag="942" ind1=" " ind2=" ">
    <subfield code="2">ddc</subfield>
    <subfield code="c">BOOK</subfield>
  </datafield>
  <datafield tag="999" ind1=" " ind2=" ">
    <subfield code="c">29983</subfield>
    <subfield code="d">264483</subfield>
  </datafield>
  <datafield tag="952" ind1=" " ind2=" ">
    <subfield code="1">0</subfield>
    <subfield code="2">2013-05-20</subfield>
    <subfield code="4">0</subfield>
    <subfield code="7">0</subfield>
    <subfield code="a">338.473621 &#x645; &#x633; &#x62A;</subfield>
    <subfield code="d">2013-05-20</subfield>
    <subfield code="h">CL</subfield>
    <subfield code="i">00115455</subfield>
    <subfield code="m">CL</subfield>
    <subfield code="q">2019-09-09</subfield>
    <subfield code="r">2020-01-30 00:00:00</subfield>
    <subfield code="t">BOOK</subfield>
    <subfield code="w">ddc</subfield>
    <subfield code="y">2</subfield>
  </datafield>
</record>
